00358nam a2200169Ia 4500003000900000008004100009040001300050040001300063041000800076100002400084245003200108250000900140260001300149260000900162300001000171490000700181IT-RoPAU120407s9999 xx 000 0 und d aIT-RoPAU cIT-RoPAU aita aM. Giuseppe Besutti a"Bibliografia mariana 1949" aRoma aMarianum c1950 c24 cm v18